|
|
|
|
| LEADER |
00896cam a2200253 7i4500 |
| 001 |
0000058687 |
| 005 |
20230522090000.0 |
| 020 |
|
|
|a 1590184386 (electronic book)
|
| 090 |
0 |
0 |
|a QR57
|b .T78 2004
|
| 100 |
1 |
|
|a Thomas, Peggy
|
| 245 |
1 |
0 |
|a Bacteria and viruses
|c by Peggy Thomas.
|
| 264 |
|
|
|a Farmington Hills, MI:
|b Lucent Books,
|c 2004.
|
| 300 |
|
|
|a 1 online resource (112 pages):
|b illustrations, text file, PDF.
|
| 336 |
|
|
|a text
|2 rdacontent
|
| 337 |
|
|
|a computer
|2 rdamedia
|
| 338 |
|
|
|a online resource
|2 rdacarrier
|
| 490 |
0 |
|
|a Lucent library of science and technology
|
| 650 |
|
0 |
|a Viruses
|
| 650 |
|
0 |
|a Bacteria
|
| 655 |
|
0 |
|a Electronic books
|
| 856 |
4 |
2 |
|u http://library.unisel.edu.my/web/guest/mylibrary
|
| 997 |
|
|
|a Engineering & Life Sciences, Faculty
|b Science & Biotechnology, Department
|
| 998 |
|
|
|a Biotechnology, Degree
|
| 999 |
|
|
|a EBO0005017
|b EBOOK
|c EBOOK
|e Electronic resources
|